|
|
|
|
| LEADER |
01012nab a2200205 i 4500 |
| 001 |
acta81252 |
| 005 |
20230912140852.0 |
| 008 |
230912s1968 hu o 0|| hun d |
| 040 |
|
|
|a SZTE Egyetemi Kiadványok Repozitórium
|b hun
|
| 041 |
|
|
|a hun
|
| 100 |
1 |
|
|a Vajda Ödön
|
| 245 |
1 |
0 |
|a Élelmiszerek minősége 1967-ben Budapest Főváros Vegyészeti és Élelmiszervizsgáló Intézete vizsgálatai alapján
|h [elektronikus dokumentum] :
|b a hatósági minőségellenőrzés új szempontjai /
|c Vajda Ödön
|
| 260 |
|
|
|a Lapkiadó Vállalat
|b Budapest
|c 1968
|
| 300 |
|
|
|a 73-83
|
| 490 |
0 |
|
|a Élelmiszervizsgálati közlemények
|
| 650 |
|
4 |
|a Műszaki és technológiai tudományok
|
| 650 |
|
4 |
|a Egyéb műszaki tudományok és technológiák
|
| 650 |
|
4 |
|a Élelmiszer és italfélék
|
| 695 |
|
|
|a Élelmiszeripar - minőségellenőrzés, Élelmiszerellenőrzés - hatósági, Élelmiszerbiztonság
|
| 856 |
4 |
0 |
|u http://acta.bibl.u-szeged.hu/81252/1/elelmiszervizsgalati_kozlemenyek_1968_03_073-083.pdf
|z Dokumentum-elérés
|